| 000 | 00685nam a2200157 a 4500 | ||
|---|---|---|---|
| 008 | 120629s2011 ||||||||||||||||| || u | ||
| 020 | _a9788171889044 | ||
| 050 | _aIDRC(02) | ||
| 110 | _aInternational Development Research Centre (IDRC) | ||
| 245 | 1 | 0 | _aStrengthening resilience in post-disaster situations: stories, experience and lessons from South Asia |
| 260 |
_aOttawa _bAcademic Foundation _c2011 |
||
| 300 | _a799p. :ill. | ||
| 650 | _aDISASTER RELIEF--CASE STUDIES | ||
| 650 | _aNATURAL DISASTERS--CASE STUDIES | ||
| 995 |
_FCBU-MAIN LIBRARY (Kitwe) _M1 _UAVAILABLE _WJun 29, 2012 _ZInternational Publications |
||
| 999 |
_c58629 _d58629 |
||